000 00648nam a22002417a 4500
003 UA-OsUOA
001 29645
007 ta
008 20041020b un ||||| |||| 00| 0 ukr d
100 _aГрицюта Микола
090 _a82.09(477)
_bГ85
942 _cBK
040 _aUA-OsUOA
_bukr
_cUA-OsUOA
_dUA-OsUOA
245 _aМихайло Коцюбинський
_bЛітературний портрет
300 _a119 с.
955 _a0
041 _aukr
080 _a82.09(477)
260 _aКиїв
_bДерж. вид. художньої літератури
_c1958
044 _aUA
650 7 _2UDC
999 _c316039
_d316039